000 01086nam a2200313Ia 4500
003 OSt
005 20221007123628.0
006 a|||||r|||| 00| 0
007 ta
008 221006b |||||||| |||| 00| 0 eng d
020 _a3540279873 (hbd)
_cRs.4121.34
024 _a76996
037 _b1015, 22/03/2007, Vardhman Books
_cTextbook
040 _aPAPL
_cPAPL
_beng
041 _2eng
_aeng
082 _aCN10aB2T, P5 Carpa
100 _aDas Arnab Ed.
_938289
245 0 _aQuantum annealing and related optimization methods
_b Chakrabarti Bikas K Ed.
260 _aBerlin
_bSpringer-Verlag
_c2005
300 _axiv, 376p.
_ccm.
490 _aLecture notes in physics; 679
500 _aIncludes bibliographical references.; Index 373-376p.
650 _a quantum annealing
_9717528
650 _a Quantum mechanics
650 _aPhysics
700 _a Chakrabarti Bikas K Ed.
_9717529
942 _hCN10aB2T, P5 Carpa
_cTB
_2CC
999 _c1212215
_d1212215